| 000 | 00780nam a2200217Ia 4500 | ||
|---|---|---|---|
| 005 | 20230819103552.0 | ||
| 008 | 131103s9999 xx 000 0 und d | ||
| 020 |
_a058231062 8 _c8.00 pds |
||
| 040 | _aLoreto College | ||
| 041 | _aEnglish | ||
| 082 |
_a910.3 _bSTA |
||
| 245 | 2 |
_aA glossary of geographical terms _cprepared by A Committee of the British Association for the Advancement of Science and edited by Dudley Stamp |
|
| 250 | _a2nd ed. | ||
| 260 |
_aLondon _bLongman _c1966 (1970 printing) |
||
| 300 |
_axxxi,539 p. _b ill.,fig. |
||
| 650 | _aA Committee of the British Association for the Advancement of Science Advancement of Science and edited by Dudley Stamp | ||
| 651 | _aGeography - Glossary | ||
| 700 | _aStamp,Dudley,ed. | ||
| 850 | _aLCLIB | ||
| 942 | _cBK | ||
| 999 |
_c3243 _d53722 |
||